All foreign players Inter - Statistics

General Stats
  • This quiz has been taken 179 times
  • The average score is 87 of 356
Answer Stats
Hint Answer % Correct
Javier Zanetti
91%
Lautaro Martínez
88%
Samuel Eto'o
87%
Alexis Sánchez
85%
Goran Pandev
84%
Samir Handanovič
84%
Ronaldo
82%
Diego Milito
81%
Hakan Çalhanoğlu
81%
Júlio César
81%
Zlatan Ibrahimović
81%
Edin Džeko
80%
Maicon
80%
Christian Chivu
79%
Romelu Lukaku
79%
Esteban Cambiasso
78%
Walter Samuel
78%
Arturo Vidal
77%
Lúcio
77%
Marcelo Brozović
76%
Wesley Sneijder
75%
Aleksandar Stanković
74%
Dejan Stanković
74%
Filip Stanković
74%
Yann Sommer
74%
César
72%
Ivan Perišić
71%
Stefan De Vrij
71%
Henrikh Mkhitaryan
70%
Milan Škriniar
70%
Yuto Nagatomo
69%
Mauro Icardi
67%
Denzel Dumfries
66%
Marcus Thuram
66%
Achraf Hakimi
65%
Christian Eriksen
65%
Adriano
64%
André Onana
64%
Lothar Matthäus
64%
Luís Figo
63%
Patrick Vieira
63%
Sulley Ali Muntari
63%
Ashley Young
62%
Ivan Córdoba
61%
Marko Arnautović
61%
Hernán Crespo
60%
Mateo Kovačić
60%
Kwadwo Asamoah
58%
Geoffrey Kondogbia
56%
Alvaro Recoba
54%
Clarence Seedorf
53%
Fredy Guarín
53%
Iván Zamorano
52%
Jürgen Klinsmann
52%
Lukas Podolski
52%
Juan Cuadrado
51%
Matías Vecino
51%
Radja Nainggolan
51%
Diego Forlán
50%
Diego Godín
50%
Gary Medel
50%
Benjamin Pavard
49%
Julio Cruz
49%
Rodrigo Palacio
49%
Andreas Brehme
48%
Borja Valero
47%
Kristjan Asllani
47%
Ricardo Álvarez
47%
Roberto Carlos
47%
Nemanja Vidić
46%
Stevan Jovetić
46%
Juan Sebastián Verón
45%
Miranda
45%
Robin Gosens
45%
João Cancelo
44%
Obafemi Martins
44%
Ricardo Quaresma
44%
Dennis Bergkamp
43%
Edgar Davids
43%
João Mario
43%
Yann Bisseck
43%
Youri Djorkaeff
43%
Joaguín Correa
42%
Hernanes
41%
Karl-Heinz Rummenigge
41%
Luis Suárez
41%
Maxwell
41%
Joel Obi
40%
Laurent Blanc
38%
Taribo West
38%
Coutinho
37%
Ionuț Radu
37%
Jeison Murillo
37%
Carlos Augusto
36%
Éver Banega
36%
Juan Jesus
36%
Robbie Keane
36%
Lisandro López
35%
MacDonald Mariga
35%
Zdravko Kuzmanović
35%
Adrian Mutu
34%
Álvaro Pereira
34%
Dodô
34%
Jonathan
33%
Victor Moses
32%
Emre Belözoğlu
31%
Gabriel Barbosa
31%
Mancini
31%
Paul Ince
31%
Aleksandar Kolarov
30%
Giorgios Karagounis
30%
Diego Simeone
29%
Hakan Şükür
29%
Felipe Melo
28%
Gabriel Batistuta
28%
Jair Da Costa
28%
Nicolás Burdisso
28%
Cristian González
27%
Dalbert
27%
David Pizarro
27%
David Suazo
27%
Davy Klaassen
27%
Mariano González
27%
Rene Krhin
27%
Rolando
27%
Rubén Sosa
25%
Saphir Taïder
25%
Siniša Mihajlović
25%
Adem Ljajić
24%
Jonathan Biabiany
24%
Juan Carrizo
24%
Mohamed Kallon
24%
Rey Manaj
24%
Walter Gargano
24%
Nwankwo Kanu
23%
Šime Vrsaljko
23%
Aron Winter
22%
Assane Gnoukouri
22%
Max Winter
22%
Olivier Dacourt
22%
Santiago Solari
22%
Yann M'Vila
22%
Andy Van Der Meyde
21%
Felipe Caicedo
21%
Hansi Müller
21%
Heini Müller
21%
Houssine Kharja
21%
Ishak Belfodil
21%
Keita Baldé
21%
Maniche
21%
Martín Satriano
21%
Matthias Sammer
21%
Ramón Díaz
21%
Alex Telles
20%
Okan Buruk
20%
Vampeta
20%
Vratislav Greško
20%
Zé Maria
20%
Cédric
19%
Lucien Agoumé
19%
Sérgio Conceição
19%
Marko Livaja
18%
Martín Montoya
18%
Matías Silvestre
18%
Mikaël Silvestre
18%
Rafinha
18%
Sébastien Frey
18%
Valentino Lazaro
18%
Yann Karamoh
18%
Dario Šimić
17%
Darko Pančev
17%
Ezequiel Schelotto
17%
Gaston Camara
17%
Luc Castaignos
17%
Mauro Zárate
17%
Paulo Sousa
17%
Thomas Helveg
17%
Victor Obinna
17%
Zoumana Camara
17%
Andrés Guglielminpietro
16%
Cristian Ansaldi
16%
Matías Almeyda
16%
Trent Sainsbury
16%
Alfred Duncan
15%
Felipe
15%
Luciano
15%
Pelé
15%
Stéphane Dalmat
15%
Wim Jonk
15%
Xian Emmers
15%
Benoît Cauet
14%
Caner Erkin
14%
Denis Alibec
14%
Gaby Mudingayi
14%
George Pușcaș
14%
Grigoris Georgatos
14%
Martín Rivas
14%
Nelson Rivas
14%
Farinós
13%
Luis Jiménez
13%
Achille Gama
12%
Antonio Angelillo
12%
Carlos Gamarra
12%
Fabian Carini
12%
Liam Brady
12%
Nelson Vivas
12%
Ibrahima M'Baye
11%
Sabri Lamouchi
11%
Stefano Nyers
11%
Vladimir Jugović
11%
Axel Bakayoko
10%
Ciriaco Sforza
10%
Daniel Passarella
10%
Franco Carboni
10%
Gonzalo Sorondo
10%
Lampros Choutos
10%
Pierre Womé
10%
Rubén Botta
10%
Zé Elias
10%
Zinho Vanheusden
10%
Diego Laxalt
9%
Eloge Yao
9%
Jérémie Bréchet
9%
Senna Miangue
9%
Amadou Sarr
8%
Cyril Domoraud
8%
Facundo Colidio
8%
Vid Belec
8%
Wallace
8%
Alen Stevanović
7%
Andreaw Gravillon
7%
Drazen Brnčić
7%
Ebenezer Akinsanmiro
7%
Herbert Prohaska
7%
Isaac Donkor
7%
Jocelyn Angloma
7%
Juary
7%
Lennart Skoglund
7%
Ludo Coeck
7%
Nwankwo Obiora
7%
Ousmane Dabo
7%
Patrick Olsen
7%
Peiró
7%
Víctor Benítez
7%
Zè Turbo
7%
Antonio Pacheco
6%
Attila Filkor
6%
Bruno Zago
6%
Franco Vezzoni
6%
Gabriel Brazão
6%
Khalilou Fadiga
6%
Mathieu Moreau
6%
Mauricio Pinilla
6%
Răzvan Popa
6%
Sixto Peralta
6%
Bright Gyamfi
5%
Eddie Firmani
5%
Faas Wilkes
5%
Georgios Vagiannidis
5%
Harald Nielsen
5%
Ibrahim Maaroufi
5%
Issiaka Kamate
5%
Julien Brellier
5%
Maj Rorić
5%
Nikolaos Botis
5%
Ryan Nolan
5%
Sebastián Rambert
5%
Silvano Martina
5%
Tijani Belaïd
5%
Andy Polo
4%
Anthar Yahia
4%
Atilio Demaría
4%
Caio
4%
Daniel Maa Boumsong
4%
Enzo Scifo
4%
Felice Demaria
4%
Gerry Hitchens
4%
Gilberto
4%
Goran Slavkovski
4%
Horst Szymaniak
4%
Isah Eliakwu
4%
Ivan Fatić
4%
Kerlon
4%
Oscar Basso
4%
Sebastián Ribas
4%
Stéphane Biakolo
4%
Tibo Persyn
4%
Tommaso Guercio
4%
Adam Guidiala
3%
Antoine Bonifaci
3%
Antonio Blasevich
3%
Árpád Weisz
3%
Bengt Lindskog
3%
Bibiano Zapirain
3%
Felice Martinelli
3%
Hernst Marktl
3%
Juan Landolfi
3%
Lucio Filomeno
3%
Luis Pedemonte
3%
Luís Vinício
3%
Marcelo Pagani
3%
Wellington
3%
Alberto Cerioni
2%
Alejandro Scopelli
2%
Alfredo Devincenzi
2%
Alfredo Zoller
2%
Alfred Peterly
2%
Andi Hoti
2%
Antonio Ferrara
2%
Antonio Powolny
2%
Arnaldo Wölker
2%
Bernard Schuler
2%
Bruna Kazianka
2%
Carlo Hopf
2%
Carlo Streit
2%
Christopher Attys
2%
Darian Males
2%
Desmond Kouassi
2%
Elmo Bovio
2%
Enrico Schoenfeld
2%
Ernesto Mascheroni
2%
Ernest Peterly
2%
Francesco Frione
2%
Franco Ponzinibio
2%
Furter
2%
Giulio Bavastro
2%
Hans Jenni
2%
Héctor Scarone
2%
Heinrich Bachmann
2%
Heinrich Schönfeld
2%
Humberto
2%
Isaac Ntow
2%
Ivica Ivušić
2%
József Violak
2%
Juan Rizzo
2%
Luis Volpi
2%
Lukas Spendhofer
2%
Mario Bušić
2%
Morten Knudsen
2%
Neudecker
2%
Nicolae Simatoc
2%
Niedermann
2%
Oscar Engler
2%
Oscar Massei
2%
Pedro Manfredini
2%
Ribogerto Rivas Vindel
2%
Ricardo Faccio
2%
Ricardo Frione
2%
Roberto Porta
2%
Roger Vonlathen
2%
Tibor Garay
2%
Ugo Rietmann
2%
Victor Pozzo
2%
Washington Cacciavillani
2%
Werner Kummer
2%
Hugo Campagnero
1%
No matching quizzes found
Score Distribution
Percent of People with Each Score
Percentile by Number Answered
Your Score History
You have not taken this quiz